00507cam a2200181 a 4500001000800000005001700008008004100025020001600066040002200082082002200104245007600126260004100202300001900243650001300262650001000275650001900285700002100304491579020250120030345.0940714s1995 enk b 001 0 eng d a1856491447  aUkNcUcUkNcUdDLC00a305.4226904bASH02aA Diplomacy of the Oppressed:bNew Directions in International Feminism aLondonaNew JerseybZed Booksc1995. aviii, 248 p.,  0aFeminism 0aWomen 0aInternational 1 aAshworth, Geedt